Music Quiz

Random Music Quiz

U2: 70 Most Acclaimed Songs Quiz Stats

 Plays Quiz not verified by Sporcle

Score 0/70 Timer 17:00
1 Play Today
Rank Song % Correct
#1One
97.1%
#3Sunday Bloody Sunday
95.5%
#7With or Without You
95.2%
#2Where the Streets Have No Name
95%
#4Pride (In the Name of Love)
91.4%
#8Beautiful Day
91%
#9I Still Haven't Found What I'm Looking for
90%
#5New Year's Day
88.5%
#11Mysterious Ways
85.5%
#19Vertigo
84.4%
#13Desire
82.8%
#10I Will Follow
80.3%
#14Bullet the Blue Sky
79.4%
#6Bad
78.5%
#49When Love Comes to Town
78%
#26The Fly
76.5%
#18The Unforgettable Fire
71.3%
#68Who's Gonna Ride Your Wild Horses
71%
#32Angel of Harlem
70.6%
#15Gloria
70.4%
#44Elevation
69.2%
#12All I Want is You
67.6%
#31Stuck In a Moment That You Can't Get Out Of
67.6%
#17Running to Stand Still
66.7%
#30Lemon
66.1%
#22Walk On
65.4%
#50One Tree Hill
64.7%
#56Red Hill Mining Town
64.5%
#2440
64%
#42Numb
62.4%
#20The Sweetest Thing
61.1%
#21City of Blinding Lights
61.1%
#33Miss Sarajevo
60.6%
#23Even Better Than the Real Thing
60.4%
#45In God's Country
59.5%
Rank Song % Correct
#16Stay (So Faraway, So Close!)
59%
#46Zoo Station
59%
#39Acrobat
58.8%
#37Ultraviolet (Light My Way)
57.7%
#29Discotheque
57.2%
#65October
56.8%
#38Sometimes You Can't Make It on Your Own
56.1%
#63Kite
55.1%
#34Two Hearts Beat as One
54.1%
#28Until the End of the World
53.8%
#54The Wanderer
53.4%
#51Love is Blindness
53%
#25Hold Me, Thrill Me, Kiss Me, Kill Me
52.5%
#27A Sort of Homecoming
52%
#61Zooropa
52%
#41Staring at the Sun
51.6%
#48Mofo
50.4%
#62So Cruel
50%
#35Out of Control
47.5%
#60No Line on the Horizon
46%
#58Magnificent
44.9%
#59The Electric Co
44.8%
#40In a Little While
44.6%
#57Wire
44.1%
#47Please
43.4%
#43Gone
42.5%
#70Hawkmoon 269
37.6%
#53God Part II
29.7%
#36Moment of Surrender
28.3%
#64Love Rescue Me
27.9%
#66Silver and Gold
27.4%
#67The First Time
21.9%
#69Drowning Man
21.7%
#52Party Girl
18.5%
#5511 o'clock tick tock
11.3%

You're not logged in!

Compare scores with friends on all Sporcle quizzes.
OR
Log In

Show Comments

Extras

Top Quizzes Today


Score Distribution

Your Account Isn't Verified!

In order to create a playlist on Sporcle, you need to verify the email address you used during registration. Go to your Sporcle Settings to finish the process.

Report this User

Report this user for behavior that violates our Community Guidelines.

Details: